| 000 | 00634nam a2200121Ia 4500 | ||
|---|---|---|---|
| 008 | 220620s9999||||xx |||||||||||||| ||und|| | ||
| 100 | _aMarranci, Gabriele | ||
| 245 | 0 | _aJihad Beyond Islam | |
| 546 | _aEnglish[eng] | ||
| 650 | _asociology||antropologie||sociologie||anthropology||Allah||Antisemitism||Islam||Jihad||Muslims||Quran | ||
| 856 | _uhttps://library.oapen.org/bitstream/20.500.12657/34637/1/390768.pdf||https://library.oapen.org/bitstream/20.500.12657/34637/1/390768.pdf||https://library.oapen.org/bitstream/20.500.12657/34637/1/390768.pdf||https://library.oapen.org/bitstream/20.500.12657/34637/1/390768.pdf | ||
| 942 | _cEB | ||
| 999 |
_c33239 _d33239 |
||